000 01008nac a22003257a 4500
001 BR7304440
003 BR-BrBNA
005 20240105113523.0
008 230509b bl.|||m| |||| 00| 0 por d
040 _aBR-BrBNA
_bpor
_cBiblioteca Nacional de Agricultura
072 _aF00; F25
090 _a0230 BR7304440
100 1 _aTavares, R.M.
100 1 _aPires, C.B.
100 1 _aBarreto, A.I. de S.
100 1 _aCosta, A.S. de
110 1 _aInstituto de Pesquisa Agropecuaria do Nordeste, Recife, PE (Brasil)
_96083
245 1 _aQueima e manutencao de palha (palhico)de cana-de-acucar [Brasil]
260 3 _aRecife, PE (Brasil):
_c1972.
300 _a15 p.
490 _aIndicacao de Pesquisa - Instituto de Pesquisa Agropecuaria do Nordeste (Brazil)
_vno. 2
_x
500 _a5 ref.
650 _aCANA DE ACUCAR
650 _aQUEIMADA
650 _aPALHA
650 _aPRATICA CULTURAL
650 _aCEARA
909 _a202312
_bLúcia Elande
_c55
_dLúcia Elande
942 _2AGRIS
_n0
_cMS
999 _c264208
_d264208